00464nam a2200157Ia 4500008004100000020000700041082001200048100002800060245008200088250000700170260004600177300002300223500002000246600002000266650002000286240925s9999 xx 000 0 und d aNA a330 PAK aPakistan, State Bank of 0aAnnual Report 2017-18: the state of Pakistan's economy statistical supplement aNA aPakistan:bState Bank of Pakistanc,2017. a363p.b0fOriginal aInclude Preface aSocial Sciences aSocial Sciences